Memory as power: historical criminology and the role of the past in critical scholarship

Featuring a collection of works by scholars from across a variety of disciplines, this book outlines the principles of a critical historical criminology. For historical criminologists, this book provides a framework of how to engage with historical material in a way that is critical in its interroga...

Descripción completa

Guardado en:  
Detalles Bibliográficos
Autor Corporativo: Walter de Gruyter GmbH & Co. KG. Verlag
Otros Autores: Tepperman, Alex (Editor) ; Bleakley, Paul (Editor)
Tipo de documento: Print Libro
Lenguaje:Inglés
Publicado: Berlin Boston De Gruyter [2025]
En: De Gruyter contemporary social sciences (volume 39)
Año: 2025
Acceso en línea: Inhaltstext (Publisher)
Índice
Verificar disponibilidad: HBZ Gateway
Pedido de libro:Enviar el pedido
Servicio de pedido Subito: Pedir ahora.
Palabras clave:

MARC

LEADER 00000cam a2200000 c 4500
001 1905904800
003 DE-627
005 20260317225442.0
007 tu
008 241016s2025 gw ||||| 00| ||eng c
010 |a  2024947402 
015 |a 24,N42  |2 dnb 
016 7 |a 134440104X  |2 DE-101 
020 |a 9783111317359  |q Festeinband : EUR 99.95 (DE) (freier Preis), EUR 99.95 (AT) (freier Preis)  |9 978-3-11-131735-9 
020 |a 3111317358  |9 3-11-131735-8 
024 3 |a 9783111317359 
035 |a (DE-627)1905904800 
035 |a (DE-599)DNB134440104X 
040 |a DE-627  |b ger  |c DE-627  |e rda 
041 |a eng 
044 |c XA-DE-BE 
050 0 |a HV6019 
072 7 |a SOC000000;BISACSOC004000  |2 bisacsh 
082 0 |a 364  |q DE-101  |2 23/ger 
082 0 |a 364.9  |q SEPA 
082 0 |a 364  |q DLC  |2 23/eng/20250124 
082 0 4 |a 360  |q DE-101 
245 0 0 |a Memory as power  |b historical criminology and the role of the past in critical scholarship  |c edited by Alex Tepperman and Paul Bleakley 
264 1 |a Berlin  |a Boston  |b De Gruyter  |c [2025] 
300 |a X, 243 Seiten  |c 23 cm x 15.5 cm 
336 |a Text  |b txt  |2 rdacontent 
337 |a ohne Hilfsmittel zu benutzen  |b n  |2 rdamedia 
338 |a Band  |b nc  |2 rdacarrier 
490 1 |a De Gruyter Contemporary Social Sciences  |v volume 39 
520 |a Featuring a collection of works by scholars from across a variety of disciplines, this book outlines the principles of a critical historical criminology. For historical criminologists, this book provides a framework of how to engage with historical material in a way that is critical in its interrogation, instructive in terms of how the past impacts upon our current (and future) practice, and attentive to the dangers of presentism. For critical criminologists, this book highlights the potential benefits of looking to the past to inform our understanding of the critical issues we face in the current social, cultural, and political context in a purposeful, historically sensitive way. This remarkable volume aims to model how to practice a critical version of historical criminology that has implications for practice in the contemporary period. It does so by incorporating contributions that emphasize robust, high-quality historical research that nonetheless speaks to issues and problems of premium concern to present-minded critical criminologists, bridging a gap between the past and present through an operationalization of the past that allows readers to better understand the criminological concerns of the present. In this sense, it can be used pedagogically, as a collection of works which model critical historical criminology, and is thus of instructional use alongside its research contribution 
650 0 |a Critical Criminology  |0 http://id.loc.gov/authorities/subjects/sh00002318  |2 DLC 
650 0 |a Memory  |0 http://id.loc.gov/authorities/subjects/sh85083497  |2 DLC 
650 0 |a Criminology  |x History  |0 http://id.loc.gov/authorities/subjects/sh2009122322  |2 DLC 
650 4 |a Criminologie critique 
650 4 |a Social Science / Criminology 
655 7 |a Aufsatzsammlung  |0 (DE-588)4143413-4  |0 (DE-627)105605727  |0 (DE-576)209726091  |2 gnd-content 
689 0 0 |d s  |0 (DE-588)4033197-0  |0 (DE-627)106258532  |0 (DE-576)209000562  |a Kriminologie  |2 gnd 
689 0 |5 DE-101 
700 1 |a Tepperman, Alex  |e HerausgeberIn  |4 edt 
700 1 |8 1\p  |a Bleakley, Paul  |e HerausgeberIn  |0 (DE-588)1284636674  |0 (DE-627)1840335718  |4 edt 
710 2 |a Walter de Gruyter GmbH & Co. KG  |e Verlag  |0 (DE-588)10095502-2  |0 (DE-627)478082134  |0 (DE-576)200141279  |4 pbl 
776 1 |z 9783111317571  |c PDF 
776 1 |z 9783111317854  |c EPUB 
830 0 |a De Gruyter contemporary social sciences  |v volume 39  |9 39  |w (DE-627)1748516221  |w (DE-600)3054129-3  |x 2747-5689  |7 am 
856 4 2 |u https://d-nb.info/134440104x/04  |q application/pdf  |3 Inhaltsverzeichnis  |7 1 
856 4 2 |u https://www.degruyter.com/isbn/9783111317359  |m X:MVB  |q text/html  |x Verlag  |3 Inhaltstext  |7 1 
883 |8 1\p  |a cgwrk  |d 20250301  |q DE-101  |u https://d-nb.info/provenance/plan#cgwrk 
935 |a mkri 
951 |a BO 
ELC |b 1 
LOK |0 000 xxxxxcx a22 zn 4500 
LOK |0 001 4615274017 
LOK |0 003 DE-627 
LOK |0 004 1905904800 
LOK |0 005 20250505131902 
LOK |0 008 241115||||||||||||||||ger||||||| 
LOK |0 040   |a DE-Frei85  |c DE-627  |d DE-Frei85 
LOK |0 852   |a DE-Frei85 
LOK |0 852 1  |m p  |9 00 
LOK |0 938   |k p 
LOK |0 939   |a 2024-11-15  |b l01 
ORI |a WA-MARC-krimdoka001.raw 
PDA |a yes